Predikcia vyťaženosti parkovísk pre inteligentné parkovanie

Saved in:
Bibliographic Details
Main Author: Majerčák, Damián (Author)
Other Authors: Okresa, Michal (Thesis advisor)
Format: Manuscript Book
Language:Slovak
Published: 2019
Subjects:
Online Access:http://is.stuba.sk/zp/portal_zp.pl?podrobnosti=134891
Tags: Add Tag
No Tags, Be the first to tag this record!

MARC

LEADER 00000ntm a22000003a 4500
001 stuzp75163
003 SK-STU
005 20190622213223.3
007 ta
008 150427s2015----xo-----f-mn---000-0-slo-d
040 |a STU  |b slo 
041 0 |a slo 
100 1 |a Majerčák, Damián  |u 070200  |4 aut  |U FIIT Fakulta informatiky a informačných technológií  |T FIIT Ústav informatiky, informačných systémov a softvérového inžinierstva  |X 85941  |U I200  |Y 179  |7 85941 
242 0 1 |a Predicting Occupation of Parking Slots for Smart Parking  |y eng 
245 1 0 |a Predikcia vyťaženosti parkovísk pre inteligentné parkovanie 
260 |c 2019 
650 4 |a predikcia  |2 slo 
650 4 |a parkovanie  |2 slo 
650 4 |a obsadenosť  |2 slo 
650 4 |a prediction  |2 eng 
650 4 |a parking  |2 eng 
650 4 |a occupancy  |2 eng 
700 1 |a Okresa, Michal  |4 ths  |X 24546  |7 A000024546 
856 4 |u http://is.stuba.sk/zp/portal_zp.pl?podrobnosti=134891 
996 |c I*BAP88/19  |l II680  |s P  |a 0  |w stuzp75163_0001